000 00630nam a2200229 i 4500
001 16378
003 ES-MaACL
005 20230906151315.0
007 t|
008 000906s2000 sp ||||1| spa d
020 _a84-322-0845-0
080 _a821.133.1-4"19"
100 1 _aKristeva, Julia.
_968861
245 1 3 _aEl porvenir de una revuelta /
_cJulia Kristeva.
250 _a1ยช ed.
260 _aBarcelona :
_bSeix Barral,
_c2000.
300 _a124 p. ;
_c23 cm.
490 1 _aLos tres mundos. Ensayo
830 0 _aLos tres mundos. Ensayo
_9179959
852 _aES-MaACL
_jL-23474
_bR.128909
999 _c16378
_d16378